00368 a2200133 4500000002100000001000700021005001700028008004100045082002000086100001900106245007100125260002800196300001000224BKB 07208320200902151136.0  a519.50285bK25G1 aKeen, Kevin J.1 aGraphics for statistics and data analysis with Rcby Kevin J. Keen aLondonbCRC Pressc2010 a447p.